|
|
|
|
| LEADER |
02515nkm a2200493 a 4500 |
| 001 |
mzk03001055153 |
| 003 |
CZ BrMZK |
| 005 |
20110221090820.0 |
| 007 |
kj bo| |
| 008 |
070924s1709 gw ||| f || k|gerod |
| 034 |
0 |
|
|a a
|d E0102100
|e E0122500
|f N0495000
|g N0473000
|
| 040 |
|
|
|a BOA001
|b cze
|
| 043 |
|
|
|a e-gx---
|
| 072 |
|
7 |
|a 72
|x Architektura
|2 Konspekt
|9 21
|
| 072 |
|
7 |
|a 76
|x Grafické umění. Grafika
|2 Konspekt
|9 21
|
| 080 |
|
|
|a (0.026.6)76
|2 MRF
|
| 080 |
|
|
|a (084.1)
|2 MRF
|
| 080 |
|
|
|a (430.129)
|2 MRF
|
| 080 |
|
|
|a 721:904
|2 MRF
|
| 080 |
|
|
|a 912.43:069.5
|2 MRF
|
| 100 |
1 |
|
|a Wening, Michael,
|d 1645-1718
|7 mzk2009533425
|4 aut
|
| 245 |
1 |
0 |
|a Iconismvm B. V. Mariae Avxiliatricis Miraculis clarae, eiusque Templi recèns in agro Freystatensi superioris Palatinatûs ad omnes exstructi elegantiam
|h [grafika] /
|c Illustrissimo, ac Excellentissimo Domino Domino Ferdinando, Lavrentio, Francisco Xaverio S.R.I. Comitj de Tilij, et Braittenegg, Lib: Bar: in Marbais Montignj, Neoville, et Ballast, Domino in Weissenberg, Tilijsburg, Stein, Freijstatt, Holnstein, Helffenberg, et Hohenfels ec. ec. S.C.M. Cammerario actualj ec. Domino ac Patrono suo perquam gratioso D.D.D. Joann Anton Viscardj S.C.M. Architector invenit, delineavit et dedicauit ; Michael Wening Sculps. Ao 1709
|
| 255 |
|
|
|a Měřítko neuvedeno
|c (010°21´00" v.d.--012°25´00" v.d./049°50´00" s.š.--047°30´00" s.š.)
|
| 260 |
|
|
|a [S.l. :
|b s.n.,
|c 1709]
|
| 300 |
|
|
|a 1 grafický list :
|b mědirytina ;
|c 43 x 69 cm na listu 51 x 77,5 cm složeno na 51 x 61 cm
|
| 500 |
|
|
|a Výzdoba: V levém horním rohu rejstřík, v pravém horním rohu pole s názvem, v pravém dolním rohu dedikace a vydavatelské údaje
|
| 510 |
3 |
|
|a DNB
|
| 510 |
4 |
|
|a Kuchař, K. Mapová sbírka B.P. Molla,
|c s. 361
|
| 655 |
|
7 |
|a grafické listy
|7 fd132404
|2 czenas
|
| 655 |
|
7 |
|a veduty
|7 fd133805
|2 czenas
|
| 650 |
0 |
7 |
|a historické budovy
|7 ph120726
|2 czenas
|
| 650 |
0 |
4 |
|a Mollova mapová sbírka
|
| 650 |
0 |
7 |
|a mapové sbírky
|z Česko
|7 ph182407
|2 czenas
|
| 610 |
2 |
7 |
|a Moravská zemská knihovna (Brno, Česko).
|b Mapová sbírka B.P. Molla
|7 mzk2005304487
|2 czenas
|
| 651 |
|
7 |
|a Bavorsko (Německo)
|7 ge128725
|2 czenas
|
| 700 |
1 |
|
|a Viscardi, Giovanni Antonio,
|d 1645-1713
|7 mzk2010589956
|4 aut
|
| 856 |
4 |
1 |
|u http://mapy.mzk.cz/mzk03/001/055/153/2619321175
|y Digitalizovaný dokument
|
| 903 |
|
|
|a RP
|
| 910 |
|
|
|a BOA001
|b Moll-0003.821
|
| 978 |
|
|
|b S.n.
|a s.l.
|c 1709
|
| 984 |
|
|
|a S.l.
|b Německo
|
| 985 |
|
|
|a 1701-1750
|
| 990 |
|
|
|a GP
|
| 991 |
|
|
|k mzk
|